000 00581nam a22002297a 4500
003 UA-OsUOA
001 87931
007 ta
008 20120926b un ||||| |||| 00| 0 ukr d
100 _aБордуляк Т.
090 _a821.161.2
_bБ82
942 _cBK
040 _aUA-OsUOA
_bukr
_cUA-OsUOA
_dUA-OsUOA
245 _aВибрані оповідання
300 _a172 с.
955 _a3
041 _aukr
080 _a821.161.2
260 _aЛьвів
_c1953
650 7 _a82 Література. Літературознавство
_2UDC
999 _c374902
_d374902